| 000 | | | 05462cbc2a2200337#x 450 |
| 001 | | | 32d5f0a1-6bb9-49d8-82c5-daf89b26bc0b |
| 005 | | | 20230330134741.0 |
| 100 | ## | $a | 20230330l17031713k###0rusy50 ca |
| 101 | 0# | $a | rus |
| 102 | ## | $a | RU |
| 122 | 2# | $a | d17030804## |
| | $a | d1713###### |
| 200 | 1# | $a | Челобитные о солдатских детях и других членах семьи воинских чинов |
| | $j | 4 fduecnf 1703 г. - 1713 г. |
| 215 | ## | $a | 3 листа |
| 251 | ## | $c | Дело |
| 300 | ## | $a | Рукописный текст. Скоропись. Чернила |
| 300 | ## | $a | Гербовое клеймо на листах: 2, 3 |
| 461 | #0 | $1 | 001a5af893d-e6d0-4ab6-9405-1a2396703917 |
| | $1 | 2001 |
| | $a | Тюменская воеводская канцелярия. г. Тюмень Тобольской губернии |
| | $j | 1604-1847 |
| | $1 | 251 |
| | $a | 2 описи |
| | $c | Фонд |
| | $1 | 71001 |
| | $a | Тюменская воеводская канцелярия |
| | $1 | 852 |
| | $a | Гос. архив Тюменской области |
| | $j | И-47 |
| 462 | #0 | $1 | 0015665feb0-dbd9-40d8-9972-4ff54a7e7be7 |
| | $1 | 2001 |
| | $a | Дела постоянного хранения |
| | $j | 1604-1847 |
| | $v | Д. 3130 |
| | $1 | 251 |
| | $c | Опись |
| | $1 | 852 |
| | $a | Гос. архив Тюменской области |
| | $j | 1 |
| 601 | 01 | $2 | prlib_sh |
| | $3 | LIBNET\UAF\0000056723 |
| | $a | Тобольская губернская канцелярия |
| | $j | Архивные дела |
| 605 | ## | $2 | acquisition_Prlib |
| | $3 | DITM\AF\0000002775 |
| | $a | Власть |
| | $l | коллекция |
| 606 | 1# | $2 | nlr_sh |
| | $3 | RU\NLR\AUTH\661322610 |
| | $a | Законодательство |
| | $y | Россия |
| | $z | 18 в. |
| | $j | Архивные дела |
| 606 | 1# | $2 | prlib_sh |
| | $3 | LIBNET\UAF\0000106773 |
| | $a | Дети военнослужащих |
| | $x | Опека |
| | $x | Правовые вопросы |
| | $y | Россия |
| | $z | 18 - нач. 20 в. |
| | $j | Архивные дела |
| 617 | ## | $c | Тюменская область |
| | $2 | prlib_sh |
| 686 | ## | $a | 63.3(2)511-68ю1 |
| | $v | LBC/M |
| | $2 | rubbk |
| 686 | ## | $a | 63.3(2)511-284.1ю1 |
| | $v | LBC/M |
| | $2 | rubbk |
| 801 | #0 | $a | RU |
| | $b | ПБ им. Б.Н. Ельцина |
| | $c | 20230330 |
| 801 | #1 | $a | RU |
| | $b | ПБ им. Б.Н. Ельцина |
| | $c | 20230330 |
| | $2 | rusmarc |
| 801 | #2 | $a | RU |
| | $b | ПБ им. Б.Н. Ельцина |
| | $c | 20230330 |
| | $g | RCR |
| | $2 | rusmarc |
| 850 | ## | $a | Государственный архив Тюменской области |
| 852 | ## | $a | Гос. архив Тюменской области |
| | $j | 3130 |
| 856 | 4# | $n | ПБ им. Б.Н. Ельцина |
| | $u | http://readingroom.main.prlib.ru/item.aspx?id_node=n49936310&mode=full |
| 035 | ## | $a | LIBNET\0001319574 |
| 937 | ## | $d | 49936310 |
| | $h | Гос. архив Тюменской области |